| 000 | 00758nam a2200229 a 4500 | ||
|---|---|---|---|
| 999 |
_c10873 _d10873 |
||
| 001 | 10873 | ||
| 003 | BD-JhCC | ||
| 005 | 20220119134022.0 | ||
| 008 | 190522b2013 bd ||||| a||| 00| 0 ebe d | ||
| 020 | _a9789844042933 | ||
| 035 | _a(BD-JhCC)10873 | ||
| 040 |
_aBD-JhCC _dBD-JhCC |
||
| 041 | _aben | ||
| 082 |
_bCHO 2013 _a510 |
||
| 100 | _aচক্রবর্তী, সৌমিত্র | ||
| 245 |
_aবীজগণিতের গান: _bপ্রাণের মাঝে গণিত বাজে / _cসৌমিত্র চক্রবর্তী |
||
| 260 |
_aঢাকা, _bঅনুপম প্রকাশনী ; _c2013. |
||
| 300 |
_a208 p. : _bIncluded _c22 cm. |
||
| 650 | _aMathematics | ||
| 942 |
_2ddc _cBK _06 |
||